| 000 | 00801nam a22002177a 4500 | ||
|---|---|---|---|
| 999 |
_c20920 _d20920 |
||
| 003 | AR-CdUCM | ||
| 008 | 190402b ||||| |||| 00| 0 spa d | ||
| 040 |
_aMUNICIPALIDAD PROVINCIAL DEL CUSCO _cBIBLIOTECA MUNICIPAL DEL CUSCO |
||
| 082 |
_aEP / 869.103 / _bC29 |
||
| 100 |
_aCastello Yturbide, Teresa _943652 |
||
| 245 | _aCuentos de Pascuala / | ||
| 260 |
_c1986. _aMéxico : _bConsejo nacional de fomento educativo, |
||
| 300 |
_bIlustraciones, _c34 cm. _a62 páginas ; |
||
| 440 |
_aColeccion para leer en voz alta _nLibros del rincón Sep _943653 |
||
| 505 | _aContenido : La maceta de albahaca -- Sangalote -- La reina de mora -- Franciquio... | ||
| 650 |
_a Literatura infantil _9588 |
||
| 650 |
_aCuentos. _9217 |
||
| 700 |
_aPalleiro, Carlos _943654 |
||
| 942 |
_2ddc _cLIBROS |
||
| 945 | _arcc | ||